<?xml version="1.0" encoding="UTF-8"?>
<record
    xmlns:xsi="http://www.w3.org/2001/XMLSchema-instance"
    xsi:schemaLocation="http://www.loc.gov/MARC21/slim http://www.loc.gov/standards/marcxml/schema/MARC21slim.xsd"
    xmlns="http://www.loc.gov/MARC21/slim">

  <leader>00599nam a22001337a 4500</leader>
  <datafield tag="040" ind1=" " ind2=" ">
    <subfield code="c">RUA</subfield>
  </datafield>
  <datafield tag="082" ind1=" " ind2=" ">
    <subfield code="a">AGR SEN 2107 B646 Or.1</subfield>
  </datafield>
  <datafield tag="100" ind1=" " ind2=" ">
    <subfield code="a">seng bros &#x179F;&#x17C1;&#x1784;&#x200B;&#x200B; &#x1794;&#x17D2;&#x179A;&#x17BB;&#x179F;</subfield>
  </datafield>
  <datafield tag="245" ind1=" " ind2=" ">
    <subfield code="a">comp arison of urea fertilizer rate on bunching onion (allium fistulosum) &#x1794;&#x17D2;&#x179A;&#x17C0;&#x1794;&#x1792;&#x17C0;&#x1794;&#x1780;&#x1798;&#x17D2;&#x179A;&#x17B7;&#x178F;&#x1787;&#x17B8;&#x17A2;&#x17CA;&#x17BB;&#x1799;&#x179A;&#x17C9;&#x17C1;&#x1781;&#x17BB;&#x179F;&#x17D7;&#x1782;&#x17D2;&#x1793;&#x17B6;&#x179B;&#x17BE;&#x178A;&#x17C6;&#x178E;&#x17B6;&#x17C6;&#x1781;&#x17D2;&#x1791;&#x17B9;&#x1798;&#x179F;&#x17D2;&#x179B;&#x17B9;&#x1780;</subfield>
  </datafield>
  <datafield tag="260" ind1=" " ind2=" ">
    <subfield code="a">phnom penh</subfield>
    <subfield code="b">rua</subfield>
    <subfield code="c">2017</subfield>
  </datafield>
  <datafield tag="300" ind1=" " ind2=" ">
    <subfield code="a">ix;23p</subfield>
    <subfield code="b">ill;</subfield>
    <subfield code="c">29cm</subfield>
  </datafield>
  <datafield tag="856" ind1=" " ind2=" ">
    <subfield code="u">https://drive.google.com/file/d/1J0lqlc3kclcKcCuHk7tmsJDeezYGnJcz/view?usp=sharing</subfield>
  </datafield>
  <datafield tag="942" ind1=" " ind2=" ">
    <subfield code="c">AGR</subfield>
  </datafield>
  <datafield tag="999" ind1=" " ind2=" ">
    <subfield code="c">18230</subfield>
    <subfield code="d">18230</subfield>
  </datafield>
  <datafield tag="952" ind1=" " ind2=" ">
    <subfield code="0">0</subfield>
    <subfield code="1">0</subfield>
    <subfield code="2">ddc</subfield>
    <subfield code="4">0</subfield>
    <subfield code="6">AGR_SEN_2107_000000000000000_B646_OR_1</subfield>
    <subfield code="7">0</subfield>
    <subfield code="9">81669</subfield>
    <subfield code="a">LBB</subfield>
    <subfield code="b">LBB</subfield>
    <subfield code="c">B646</subfield>
    <subfield code="d">2019-09-04</subfield>
    <subfield code="l">2</subfield>
    <subfield code="o">AGR SEN 2107 B646 Or.1</subfield>
    <subfield code="p">A42737</subfield>
    <subfield code="r">2020-09-01</subfield>
    <subfield code="s">2020-07-20</subfield>
    <subfield code="w">2019-09-04</subfield>
    <subfield code="y">AGR</subfield>
  </datafield>
  <datafield tag="952" ind1=" " ind2=" ">
    <subfield code="0">0</subfield>
    <subfield code="1">0</subfield>
    <subfield code="2">ddc</subfield>
    <subfield code="4">0</subfield>
    <subfield code="6">AGR_SEN_2107_000000000000000_B646_OR_2</subfield>
    <subfield code="7">0</subfield>
    <subfield code="9">81670</subfield>
    <subfield code="a">LBB</subfield>
    <subfield code="b">LBB</subfield>
    <subfield code="c">B646</subfield>
    <subfield code="d">2019-09-04</subfield>
    <subfield code="o">AGR SEN 2107 B646 Or.2</subfield>
    <subfield code="p">A43811</subfield>
    <subfield code="r">2019-09-04</subfield>
    <subfield code="w">2019-09-04</subfield>
    <subfield code="y">AGR</subfield>
  </datafield>
  <datafield tag="952" ind1=" " ind2=" ">
    <subfield code="0">0</subfield>
    <subfield code="1">0</subfield>
    <subfield code="2">ddc</subfield>
    <subfield code="4">0</subfield>
    <subfield code="6">AGR_SEN_2107_000000000000000_B646_OR_3</subfield>
    <subfield code="7">0</subfield>
    <subfield code="9">81671</subfield>
    <subfield code="a">LBB</subfield>
    <subfield code="b">LBB</subfield>
    <subfield code="c">B646</subfield>
    <subfield code="d">2019-09-04</subfield>
    <subfield code="l">5</subfield>
    <subfield code="o">AGR SEN 2107 B646 Or.3</subfield>
    <subfield code="p">A44031</subfield>
    <subfield code="r">2025-04-22</subfield>
    <subfield code="s">2025-03-28</subfield>
    <subfield code="w">2019-09-04</subfield>
    <subfield code="y">AGR</subfield>
  </datafield>
  <datafield tag="952" ind1=" " ind2=" ">
    <subfield code="0">0</subfield>
    <subfield code="1">0</subfield>
    <subfield code="2">ddc</subfield>
    <subfield code="4">0</subfield>
    <subfield code="6">AGR_SEN_2107_000000000000000_B646_OR_4</subfield>
    <subfield code="7">0</subfield>
    <subfield code="9">81672</subfield>
    <subfield code="a">LBB</subfield>
    <subfield code="b">LBB</subfield>
    <subfield code="c">B646</subfield>
    <subfield code="d">2019-09-04</subfield>
    <subfield code="l">2</subfield>
    <subfield code="o">AGR SEN 2107 B646 Or.4</subfield>
    <subfield code="p">A44428</subfield>
    <subfield code="r">2025-01-08</subfield>
    <subfield code="s">2024-12-19</subfield>
    <subfield code="w">2019-09-04</subfield>
    <subfield code="y">AGR</subfield>
  </datafield>
  <datafield tag="952" ind1=" " ind2=" ">
    <subfield code="0">0</subfield>
    <subfield code="1">0</subfield>
    <subfield code="2">ddc</subfield>
    <subfield code="4">0</subfield>
    <subfield code="6">AGR_SEN_2107_000000000000000_B646_OR_5</subfield>
    <subfield code="7">0</subfield>
    <subfield code="9">81673</subfield>
    <subfield code="a">LBB</subfield>
    <subfield code="b">LBB</subfield>
    <subfield code="c">B646</subfield>
    <subfield code="d">2019-09-04</subfield>
    <subfield code="o">AGR SEN 2107 B646 Or.5</subfield>
    <subfield code="p">A43736</subfield>
    <subfield code="r">2019-09-04</subfield>
    <subfield code="w">2019-09-04</subfield>
    <subfield code="y">AGR</subfield>
  </datafield>
  <datafield tag="952" ind1=" " ind2=" ">
    <subfield code="0">0</subfield>
    <subfield code="1">0</subfield>
    <subfield code="2">ddc</subfield>
    <subfield code="4">0</subfield>
    <subfield code="6">AGR_SEN_2107_000000000000000_B646_OR_6</subfield>
    <subfield code="7">0</subfield>
    <subfield code="9">81674</subfield>
    <subfield code="a">LBB</subfield>
    <subfield code="b">LBB</subfield>
    <subfield code="c">B646</subfield>
    <subfield code="d">2019-09-04</subfield>
    <subfield code="l">2</subfield>
    <subfield code="o">AGR SEN 2107 B646 Or.6</subfield>
    <subfield code="p">A43609</subfield>
    <subfield code="r">2023-08-15</subfield>
    <subfield code="s">2023-08-08</subfield>
    <subfield code="w">2019-09-04</subfield>
    <subfield code="y">AGR</subfield>
  </datafield>
</record>
